000 00240nam a2200097Ia 4500
008 190216s9999||||xx |||||||||||||| ||und||
100 _aNigam Lall B M&Amp; Sharma G L
245 0 _aAdvanced Cost Accounting
260 _bNull
_c1983
942 _cBK
999 _c4972
_d4972